[Event "Christmas Master Open"]
[Site "Zurich SUI"]
[Date "2008.12.29"]
[Round "6"]
[White "Prohaszka, P2."]
[Black "Jenni, F."]
[Result "1-0"]
[WhiteElo "2502"]
[BlackElo "2543"]
[PlyCount "105"]
[EventDate "2008.12.26"]
[SourceDate "1999.07.01"]

1. d4 Nf6 2. c4 e6 3. Nc3 Bb4 4. Bg5 h6 5. Bh4 c5 6. d5 d6 7. e3 Bxc3+ 8. bxc3
e5 9. Nf3 Nbd7 10. Nd2 Qe7 11. e4 g5 12. Bg3 Nf8 13. h4 Ng6 14. hxg5 hxg5 15.
Rxh8+ Nxh8 16. Rb1 Ng6 17. Qa4+ Kf8 18. Kd1 Qc7 19. Kc2 Bd7 20. Qa3 b6 21. f3
g4 22. Be2 Nh5 23. Nf1 Nhf4 24. Bxf4 Nxf4 25. Ng3 Ke7 26. Qc1 Rh8 27. fxg4 Rh2
28. Nh5 Ba4+ 29. Kd2 Nxe2 30. Kxe2 Rxg2+ 31. Kf3 Rxa2 32. Qg5+ Kd7 33. Qg8 Qd8
34. Qxf7+ Kc8 35. Nf6 Qh8 36. Nh5 Bd7 37. Rh1 Rc2 38. Ng3 Rxc3+ 39. Kf2 Rc2+
40. Kg1 Rc1+ 41. Nf1 Rxf1+ 42. Qxf1 Qg7 43. Rh4 Qg5 44. Qf8+ Kc7 45. Rh6 Qc1+
46. Kh2 Qd2+ 47. Kh3 Qe3+ 48. Kh4 Qe1+ 49. Kh5 Qh1+ 50. Kg5 Qc1+ 51. Kg6 Bxg4
52. Rh7+ Bd7 53. Qf5 1-0

[Event "13th ch-CRO 2013"]
[Site "Plitvicka Jezera CRO"]
[Date "2013.01.30"]
[Round "10.1"]
[White "Martinovic, Sa"]
[Black "Stevic, H."]
[Result "0-1"]
[WhiteElo "2538"]
[BlackElo "2618"]
[PlyCount "114"]
[EventDate "2013.01.21"]
[SourceDate "1999.07.01"]

1. d4 Nf6 2. c4 e6 3. Nc3 Bb4 4. Bg5 c5 5. d5 d6 6. e3 exd5 7. cxd5 Nbd7 8. Bd3
Qa5 9. Nge2 Nxd5 10. O-O Bxc3 11. bxc3 c4 12. Bc2 O-O 13. Bh4 Nxc3 14. Nxc3
Qxc3 15. Rc1 Qe5 16. Bg3 Qe6 17. Qxd6 Qxd6 18. Bxd6 Re8 19. Rfd1 Nb6 20. a4 Bd7
21. a5 Na4 22. Bb4 Bb5 23. Rd5 a6 24. Bxa4 Bxa4 25. Rc5 Bb3 26. Rc7 Rab8 27.
Bc5 Rec8 28. Rxc8+ Rxc8 29. Bd4 Rd8 30. Kf1 Rd5 31. Ra1 f5 32. Ke2 Kf7 33. Kd2
f4 34. Kc3 f3 35. g3 g5 36. e4 Rd6 37. g4 Rh6 38. Rg1 Rxh2 39. Rg3 Bd1 40. Rg1
Ba4 41. Rg3 Bd7 42. Kxc4 Ke8 43. Be3 Rg2 44. Rxf3 Rxg4 45. Kd5 Bc6+ 46. Kd6
Rxe4 47. Rf5 g4 48. Re5+ Rxe5 49. Kxe5 Bf3 50. Kf5 h5 51. Kg5 b5 52. axb6 Kd7
53. Kf5 Kc6 54. Ke5 h4 55. Kd4 h3 56. Bf4 Kxb6 57. Kc4 a5 0-1

[Event "TCh-AUT 2012-13"]
[Site "Hohenems AUT"]
[Date "2012.11.03"]
[Round "2.1"]
[White "Rapport, R."]
[Black "Polak, T."]
[Result "1-0"]
[WhiteElo "2621"]
[BlackElo "2520"]
[PlyCount "53"]
[EventDate "2012.11.02"]
[EventType "team"]
[SourceDate "1999.07.01"]
[WhiteTeam "SK Sparkasse Fuerstenfeld"]
[BlackTeam "SK Zwettl"]

1. d4 Nf6 2. c4 e6 3. Nc3 Bb4 4. Bg5 h6 5. Bh4 c5 6. d5 b5 7. e4 exd5 8. cxd5
g5 9. Bg3 Nxe4 10. Nge2 Qf6 11. Qc2 Nxg3 12. Nxg3 O-O 13. Bxb5 Re8+ 14. Be2 Ba6
15. O-O Bxc3 16. bxc3 Bxe2 17. Nxe2 d6 18. f4 g4 19. Ng3 Nd7 20. Qf5 Re7 21.
Qxg4+ Kh7 22. Nf5 Rg8 23. Qh3 Re2 24. Ng3 Re7 25. Rf3 Qg6 26. Nf5 Ree8 27. Raf1
1-0

[Event "TCh-SUI National A 2012"]
[Site "Switzerland SUI"]
[Date "2012.09.22"]
[Round "6.3"]
[White "Milov, V."]
[Black "Pelletier, Y."]
[Result "1/2-1/2"]
[WhiteElo "2653"]
[BlackElo "2589"]
[PlyCount "128"]
[EventDate "2012.03.18"]
[SourceDate "1999.07.01"]
[WhiteTeam "Riehen 1"]
[BlackTeam "Zuerich 1"]

1. d4 e6 2. c4 Nf6 3. Nc3 Bb4 4. Bg5 c5 5. d5 exd5 6. cxd5 d6 7. e3 Nbd7 8. Bb5
O-O 9. Nge2 a6 10. Bxd7 Bxd7 11. O-O h6 12. Bh4 Re8 13. Qc2 Qe7 14. Kh1 Qe5 15.
f4 Qxe3 16. Rf3 Qe7 17. Ng3 Bxc3 18. bxc3 Bg4 19. Rff1 Qe3 20. h3 Nxd5 21. hxg4
Qxc3 22. Qxc3 Nxc3 23. Rf3 Ne4 24. Nxe4 Rxe4 25. Rd1 c4 26. Rxd6 c3 27. Rxc3
Rxf4 28. Rb6 Rxg4 29. Be7 a5 30. a3 Ra6 31. Rxa6 bxa6 32. Kg1 Re4 33. Bd8 Ra4
34. Kf2 f6 35. Bb6 h5 36. Ke3 Rg4 37. Kf3 Ra4 38. Be3 Kf7 39. Bc1 Rd4 40. Rc5
a4 41. Rxh5 Rd3+ 42. Ke2 Rg3 43. Kf2 Rc3 44. Rh1 g5 45. Re1 Rc2+ 46. Kf3 Kg6
47. Rd1 Rc3+ 48. Ke2 Rc2+ 49. Kf3 Rc3+ 50. Ke4 f5+ 51. Kd4 Rc2 52. g3 Kh5 53.
Ke5 Kg4 54. Bd2 Rc5+ 55. Kd4 Rc7 56. Rf1 Rd7+ 57. Ke3 Rb7 58. Bb4 Rb5 59. Rd1
Kxg3 60. Rg1+ Kh4 61. Be7 Rb3+ 62. Kd4 Rg3 63. Rxg3 Kxg3 64. Bxg5 f4 1/2-1/2

[Event "40th Olympiad Open"]
[Site "Istanbul TUR"]
[Date "2012.08.31"]
[Round "4.11"]
[White "Yilmaz, M."]
[Black "Palac, M."]
[Result "1/2-1/2"]
[WhiteElo "2543"]
[BlackElo "2599"]
[PlyCount "70"]
[EventDate "2012.08.28"]
[SourceDate "1999.07.01"]
[WhiteTeam "Turkey"]
[BlackTeam "Croatia"]
[WhiteTeamCountry "GAB"]
[BlackTeamCountry "FRM"]

1. d4 Nf6 2. c4 e6 3. Nc3 Bb4 4. Bg5 c5 5. d5 d6 6. e3 exd5 7. cxd5 Nbd7 8. Bd3
Qa5 9. Nge2 Nxd5 10. O-O Bxc3 11. bxc3 c4 12. Bc2 O-O 13. Bh4 Nxc3 14. Nxc3
Qxc3 15. Rc1 Qe5 16. Bg3 Qe6 17. Bxd6 Re8 18. e4 Ne5 19. f4 Nd3 20. Bxd3 cxd3
21. Qxd3 Qxe4 22. Rce1 Qxe1 23. Rxe1 Rxe1+ 24. Kf2 Re8 25. f5 Rd8 26. g4 a5 27.
Qa3 h5 28. h3 hxg4 29. hxg4 Ra6 30. Be5 Re8 31. Qb2 f6 32. Qb3+ Kh7 33. Qh3+
Kg8 34. Qb3+ Kh7 35. Qh3+ Kg8 1/2-1/2